<?xml version="1.0" encoding="UTF-8"?>
<record
    xmlns:xsi="http://www.w3.org/2001/XMLSchema-instance"
    xsi:schemaLocation="http://www.loc.gov/MARC21/slim http://www.loc.gov/standards/marcxml/schema/MARC21slim.xsd"
    xmlns="http://www.loc.gov/MARC21/slim">

  <leader>00806nam a22001577a 4500</leader>
  <controlfield tag="003">LRUA</controlfield>
  <controlfield tag="005">20220104135551.0</controlfield>
  <controlfield tag="008">220104b        xxu||||| |||| 00| 0 eng d</controlfield>
  <datafield tag="040" ind1=" " ind2=" ">
    <subfield code="c">RUA </subfield>
  </datafield>
  <datafield tag="082" ind1=" " ind2=" ">
    <subfield code="2">AGE ORR 2019 B660 Or.</subfield>
  </datafield>
  <datafield tag="100" ind1=" " ind2=" ">
    <subfield code="9">14811</subfield>
    <subfield code="a">OR RY ,&#x17A2;&#x17C4; &#x179A;&#x17B8;</subfield>
  </datafield>
  <datafield tag="245" ind1=" " ind2=" ">
    <subfield code="a">EFFECTS OF DIFFERENT DRIP IRRIGATION REGIMES ON THE GROWTHAND TIELD OF LEAF MUSTARD, &#x17A5;&#x1791;&#x17D2;&#x1792;&#x17B7;&#x1796;&#x179B;&#x1793;&#x17C3;&#x1780;&#x17B6;&#x179A;&#x179F;&#x17D2;&#x179A;&#x17C4;&#x1785;&#x179F;&#x17D2;&#x179A;&#x1796;&#x178A;&#x17C4;&#x1799;&#x1794;&#x17D2;&#x179A;&#x17BE;&#x1794;&#x179A;&#x17B7;&#x1798;&#x17B6;&#x178E;&#x1791;&#x17B9;&#x1780;&#x1781;&#x17BB;&#x179F;&#x17D7;&#x1782;&#x17D2;&#x1793;&#x17B6;&#x200B;&#x178F;&#x17B6;&#x1798;&#x179A;&#x1799;&#x17C8;&#x1794;&#x17D2;&#x179A;&#x1796;&#x17D0;&#x1793;&#x17D2;&#x1792;&#x178A;&#x17C6;&#x178E;&#x17B6;&#x1780;&#x17CB;&#x1791;&#x17B9;&#x1780;&#x1791;&#x17C5;&#x179B;&#x17BE;&#x1780;&#x17B6;&#x179A;&#x179B;&#x17BC;&#x178F;&#x179B;&#x17B6;&#x179F;&#x17CB;&#x1793;&#x17B7;&#x1784;&#x1791;&#x17B7;&#x1793;&#x17D2;&#x1793;&#x1795;&#x179B;&#x1791;&#x17C5;&#x179B;&#x17BE;&#x1780;&#x17B6;&#x179A;&#x179B;&#x17BC;&#x178F;&#x179B;&#x17B6;&#x179F;&#x17CB;&#x179F;&#x17D2;&#x1796;&#x17C3;&#x1781;&#x17D2;&#x1798;&#x17C5;</subfield>
  </datafield>
  <datafield tag="260" ind1=" " ind2=" ">
    <subfield code="a">PHNOM PENH </subfield>
    <subfield code="b">RUA </subfield>
    <subfield code="c">2019</subfield>
  </datafield>
  <datafield tag="300" ind1=" " ind2=" ">
    <subfield code="a">ix,49p,</subfield>
    <subfield code="b">ill.</subfield>
    <subfield code="c">29cm.</subfield>
  </datafield>
  <datafield tag="942" ind1=" " ind2=" ">
    <subfield code="2">ddc</subfield>
    <subfield code="c">AGE</subfield>
  </datafield>
  <datafield tag="999" ind1=" " ind2=" ">
    <subfield code="c">19860</subfield>
    <subfield code="d">19860</subfield>
  </datafield>
  <datafield tag="952" ind1=" " ind2=" ">
    <subfield code="0">0</subfield>
    <subfield code="1">0</subfield>
    <subfield code="2">ddc</subfield>
    <subfield code="4">0</subfield>
    <subfield code="6">AGE_ORR_2019_000000000000000_B660_OR</subfield>
    <subfield code="7">0</subfield>
    <subfield code="9">89031</subfield>
    <subfield code="a">LBB</subfield>
    <subfield code="b">LBB</subfield>
    <subfield code="c">B660</subfield>
    <subfield code="d">2022-01-04</subfield>
    <subfield code="l">2</subfield>
    <subfield code="o">AGE ORR 2019 B660 Or.</subfield>
    <subfield code="p">A068000</subfield>
    <subfield code="r">2023-12-25</subfield>
    <subfield code="s">2023-11-22</subfield>
    <subfield code="w">2022-01-04</subfield>
    <subfield code="y">AGE</subfield>
  </datafield>
  <datafield tag="952" ind1=" " ind2=" ">
    <subfield code="0">0</subfield>
    <subfield code="1">0</subfield>
    <subfield code="2">ddc</subfield>
    <subfield code="4">0</subfield>
    <subfield code="6">AGE_ORR_2019_000000000000000_B660_OR</subfield>
    <subfield code="7">0</subfield>
    <subfield code="9">89032</subfield>
    <subfield code="a">LBB</subfield>
    <subfield code="b">LBB</subfield>
    <subfield code="c">B660</subfield>
    <subfield code="d">2022-01-04</subfield>
    <subfield code="l">1</subfield>
    <subfield code="o">AGE ORR 2019 B660 Or.</subfield>
    <subfield code="p">A067972</subfield>
    <subfield code="r">2024-01-24</subfield>
    <subfield code="s">2024-01-05</subfield>
    <subfield code="w">2022-01-04</subfield>
    <subfield code="y">AGE</subfield>
  </datafield>
  <datafield tag="952" ind1=" " ind2=" ">
    <subfield code="0">0</subfield>
    <subfield code="1">0</subfield>
    <subfield code="2">ddc</subfield>
    <subfield code="4">0</subfield>
    <subfield code="6">AGE_ORR_2019_000000000000000_B660_OR</subfield>
    <subfield code="7">0</subfield>
    <subfield code="9">89033</subfield>
    <subfield code="a">LBB</subfield>
    <subfield code="b">LBB</subfield>
    <subfield code="c">B660</subfield>
    <subfield code="d">2022-01-04</subfield>
    <subfield code="o">AGE ORR 2019 B660 Or.</subfield>
    <subfield code="p">A068004</subfield>
    <subfield code="r">2022-01-04</subfield>
    <subfield code="w">2022-01-04</subfield>
    <subfield code="y">AGE</subfield>
  </datafield>
  <datafield tag="952" ind1=" " ind2=" ">
    <subfield code="0">0</subfield>
    <subfield code="1">0</subfield>
    <subfield code="2">ddc</subfield>
    <subfield code="4">0</subfield>
    <subfield code="6">AGE_ORR_2019_000000000000000_B660_OR</subfield>
    <subfield code="7">0</subfield>
    <subfield code="9">89034</subfield>
    <subfield code="a">LBB</subfield>
    <subfield code="b">LBB</subfield>
    <subfield code="c">B660</subfield>
    <subfield code="d">2022-01-04</subfield>
    <subfield code="l">1</subfield>
    <subfield code="o">AGE ORR 2019 B660 Or.</subfield>
    <subfield code="p">A068008</subfield>
    <subfield code="r">2024-06-01</subfield>
    <subfield code="s">2024-05-06</subfield>
    <subfield code="w">2022-01-04</subfield>
    <subfield code="y">AGE</subfield>
  </datafield>
  <datafield tag="952" ind1=" " ind2=" ">
    <subfield code="0">0</subfield>
    <subfield code="1">0</subfield>
    <subfield code="2">ddc</subfield>
    <subfield code="4">0</subfield>
    <subfield code="6">AGE_ORR_2019_000000000000000_B660_OR</subfield>
    <subfield code="7">0</subfield>
    <subfield code="9">89035</subfield>
    <subfield code="a">LBB</subfield>
    <subfield code="b">LBB</subfield>
    <subfield code="c">B660</subfield>
    <subfield code="d">2022-01-04</subfield>
    <subfield code="o">AGE ORR 2019 B660 Or.</subfield>
    <subfield code="p">A068012</subfield>
    <subfield code="r">2022-01-04</subfield>
    <subfield code="w">2022-01-04</subfield>
    <subfield code="y">AGE</subfield>
  </datafield>
  <datafield tag="952" ind1=" " ind2=" ">
    <subfield code="0">0</subfield>
    <subfield code="1">0</subfield>
    <subfield code="2">ddc</subfield>
    <subfield code="4">0</subfield>
    <subfield code="6">AGE_ORR_2019_000000000000000_B660_OR</subfield>
    <subfield code="7">0</subfield>
    <subfield code="9">89036</subfield>
    <subfield code="a">LBB</subfield>
    <subfield code="b">LBB</subfield>
    <subfield code="c">B660</subfield>
    <subfield code="d">2022-01-04</subfield>
    <subfield code="o">AGE ORR 2019 B660 Or.</subfield>
    <subfield code="p">A068016</subfield>
    <subfield code="r">2022-01-04</subfield>
    <subfield code="w">2022-01-04</subfield>
    <subfield code="y">AGE</subfield>
  </datafield>
</record>
